00910 2200193 4500001002100000005001500021035002000036245004300056100001300099250001700112300002800129260003500157082000800192084001400200020002200214650001100236520044400247500002500691INLIS00000000000024220240529073831 a0010-05240001641 aBertamasya Ke Luar Angkasa /cHermawan0 aHermawan acetakan ke-1 a60 hlm :bilus ;c29 cm aJakarta :bGaneca Exact,c2006 a813 a813 HER b a978-979-744-444-9 4acerpen aSebuah meteroit jatuh di desa Bayu tinggal. Pemerintah desa mengundang beberapa ahli untuk menelitinya. Bayu dan teman-teman sekelasnya juga diajak untuk melihat proses penelitian itu. Sewaktu mengikuti penelitian itulah Bayu mengalami kejadian aneh. Ia bertemu dengan makhluk luar angkasa, yang mengajaknya berkeliling tata surya. Bagaimanakah pengalaman Bayu selama di luar angkasa? Temukan jawabannya dalam "Bertamasya ke Luar Angkasa." aSeri Pengetahuan IPA